The history of Scotland : During the reigns of Queen Mary and of King James VI. till his accession to the crown of England. With a review of the Scottish history previous to that period; and an appendix. ... By William Robertson, ...

Bibliographic Details
Main Author: Robertson, William, 1721-1793
Format: eBook
Language:English
Edition:The third edition.
Series:Eighteenth century collections online.
Online Access:Full text online

MARC

Tag First Indicator Second Indicator Subfields
LEADER 00000cam a2200000 4500
001 in00001856607
006 m | d |
007 cr |n||||||||n
008 791208s1760 enk|||| s 00| ||eng d
005 20260407204343.7
035 |a (CStRLIN)ESTCT78972 
040 |a Uk-ES  |c Uk-ES  |d CStRLIN  |d Thomson Gale  |d UtOrBLW 
100 1 |a Robertson, William,  |d 1721-1793. 
245 1 4 |a The history of Scotland :  |b During the reigns of Queen Mary and of King James VI. till his accession to the crown of England. With a review of the Scottish history previous to that period; and an appendix. ... By William Robertson, ... 
250 |a The third edition. 
264 3 |a London :  |b printed for A. Millar,  |c 1760. 
300 |a 2 volumes ;  |c 4⁰. 
336 |a text  |b txt  |2 rdacontent 
337 |a computer  |b c  |2 rdamedia 
338 |a online resource  |b cr  |2 rdacarrier 
500 |a Reproduction of original from the British Library. 
510 4 |a English Short Title Catalog,  |c ESTCT78972. 
533 |a Electronic reproduction.  |b Farmington Hills, Mich. :  |c Thomson Gale,  |d 2003.  |n Available via the World Wide Web.  |n Access limited by licensing agreements  |7 s2003 miunns 
500 |a Electronic resource. 
830 0 |a Eighteenth century collections online. 
856 4 0 |u http://proxy.library.tamu.edu/login?url=https://galenet.galegroup.com/servlet/ECCO?c=1&stp=Author&ste=11&af=BN&ae=T078972&tiPG=1&dd=0&dc=flc&docNum=CW102642001&vrsn=1.0&srchtp=a&d4=0.33&n=10&SU=0LRH&locID=txshracd2898  |z Full text online  |t 0 
999 |a MARS 
999 f f |s ccd5456a-5fe6-34aa-8ecd-1d8092581079  |i 4fbdf116-9439-3f39-a984-cb6d55691e9b  |t 0 
952 f f |a Texas A&M University  |b College Station  |c Electronic Resources  |s www_evans  |d Available Online  |t 0  |h No information provided 
998 f f |t 0  |l Available Online